MESTSKÁ KNIŽNICA GIRALTOVCE  - online katalóg 

Normal view MARC view

Entry Personal Name

Number of records used in: 1

001 - CONTROL NUMBER

  • control field: 3723

003 - CONTROL NUMBER IDENTIFIER

  • control field: OSt

005 - DATE AND TIME OF LATEST TRANSACTION

  • control field: 20221013125947.0

008 - FIXED-LENGTH DATA ELEMENTS

  • fixed length control field: 221013|| aca||aabn | a|a d

040 ## - CATALOGING SOURCE

  • Original cataloging agency: OSt
  • Transcribing agency: OSt

100 ## - HEADING--PERSONAL NAME

  • Personal name: Sveen, Gard,
  • Dates associated with a name: 1969-
  • Title of a work: Posledný pútnik

670 ## - SOURCE DATA FOUND

  • Source citation: Work cat.: (OSt)0: Sveen, Gard, 1969- aut 3722, Peklo je otvorené

Powered by Koha